Curso básico de armonía: libro de texto
Furkejuvvon:
| Váldodahkkit: | , |
|---|---|
| Materiálatiipa: | Girji |
| Giella: | espánnjágiella |
| Almmustuhtton: |
San José
Universidad de Costa Rica
2005
|
| Preanttus: | 2a. ed |
| Fáttát: | |
| Fáddágilkorat: |
Lasit fáddágilkoriid
Eai fáddágilkorat, Lasit vuosttaš fáddágilkora!
|
MARC
| LEADER | 00000cam a2200000 a 4500 | ||
|---|---|---|---|
| 001 | UCE7754 | ||
| 003 | CL-VaPUC | ||
| 008 | 150703e20050000cr |||||||||||||||||spa|d | ||
| 020 | |a 9977679274 | ||
| 082 | 0 | 4 | |a 781.3 |b JER |2 21 |
| 100 | 0 | |a Jeremías L., Isabel |e author |9 580462 | |
| 700 | 0 | |a Cordero R., Enrique |e author |9 580463 | |
| 245 | 1 | 0 | |a Curso básico de armonía: libro de texto |
| 250 | |a 2a. ed | ||
| 300 | |a 119 p | ||
| 942 | |c BK | ||
| 945 | |d 20150703 10:05:00 |a gsalatino | ||
| 260 | |a San José |b Universidad de Costa Rica |c 2005 | ||
| 650 | 0 | |a Enseñanza de la música |9 339802 | |
| 650 | 0 | |a Armonía |9 306328 | |
| 651 | 0 | |a Costa Rica |9 225304 | |
| 583 | |a last modification |c 20150703 10:05:00 |k Rodrigo Vera | ||
| 999 | |c 359784 |d 359782 | ||
| 952 | |0 0 |1 0 |3 erb |4 0 |6 781_300000000000000_JER_2005 |7 0 |8 R |9 469329 |a BIBEDU |b BIBEDU |h v.1 |i 5165482 |o 781.3 JER 2005 |p 5165482 |r 2023-01-12 |w 2019-11-23 |y BK_R |z Catalogado en:20150703 |k MUS | ||
| 952 | |0 0 |1 0 |3 erb |4 0 |6 781_300000000000000_JER_2005 |7 0 |8 R |9 469330 |a BIBEDU |b BIBEDU |h v.2 |i 5165490 |o 781.3 JER 2005 |p 5165490 |r 2023-01-12 |w 2019-11-23 |y BK_R |z Catalogado en:20150703 |k MUS | ||